MARC

LEADER 00000nam0a2200000 4500
001 304907
005 20231102001740.0
020 |a RU  |b 83-24106 
035 |a (RuTPU)RU\TPU\book\330166 
090 |a 304907 
100 |a 20150921d1983 k y0rusy5003 ca 
101 0 |a rus 
102 |a UA 
105 |a a z 001zy 
200 1 |a Уравнения в частных производных и задачи со свободной границей  |e сборник научных трудов  |f Академия наук Украинской ССР (АН УССР), Институт прикладной математики и механики ; под ред. И. В. Скрыпника 
210 |a Киев  |c Наукова думка  |d 1983 
215 |a 135 с.  |c ил. 
320 |a Библиография в конце статей 
606 1 |a Дифференциальные уравнения с частными производными  |2 stltpush  |3 (RuTPU)RU\TPU\subj\9724  |9 36903 
610 1 |a задачи 
610 1 |a свободные границы 
610 1 |a математическая физика 
610 1 |a уравнения 
610 1 |a граничные задачи 
610 1 |a решение 
610 1 |a линейные дифференциальные уравнения 
610 1 |a нелинейные дифференциальные уравнения 
610 1 |a частные производные 
675 |a 517.951  |z rus  |v 3 
702 1 |a Скрыпник  |b И. В.  |g Игорь Владимирович  |4 340 
712 0 2 |a Академия наук Украинской ССР (АН УССР)  |b Институт прикладной математики и механики  |c (Донецк)  |2 stltpush  |3 (RuTPU)RU\TPU\col\14125 
801 0 |a RU  |b RuMRKP  |c 19950704  |g psbo 
801 1 |a RU  |b 63413507  |c 20150921 
801 2 |a RU  |b 63413507  |c 20180705  |g RCR 
942 |c BK